000 00761nam a2200121Ia 4500
008 220620s9999||||xx |||||||||||||| ||und||
100 _aZhou, Xuefeng||Xu, Zhihao||Li, Shuai||Wu, Hongmin||Cheng, Taobo||Lv, Xiaojing
245 0 _aAI based Robot Safe Learning and Control
546 _aEnglish[eng]
650 _aRobotics and Automation||Control and Systems Theory||Artificial Intelligence||Robotic Engineering||Safe Control||Deep Reinforcement Learning||Recurrent Neural Network||Force Control||Obstacle Ovoidance||Adaptive Control||Trajectory Tracking||Open Access||Robotics||Automatic control engineering||Artificial intelligence
856 _uhttps://library.oapen.org/bitstream/20.500.12657/39583/1/2020_Book_AIBasedRobotSafeLearningAndCon.pdf
942 _cEB
999 _c22267
_d22267